logo

Bir Sreshtho Munshi Abdur Rouf Library
Jhenaidah Cadet College

ওয়ার্ল্ড ফেমাস অ্যাডভেঞ্চার / (Record no. 12321)

MARC details
000 -LEADER
fixed length control field 00749nam a2200217 a 4500
001 - CONTROL NUMBER
JCCL Control Number 12321
003 - CONTROL NUMBER IDENTIFIER
JCCL marc code BD-JhCC
005 - DATE AND TIME OF LATEST TRANSACTION
control field 20221025134022.0
008 - FIXED-LENGTH DATA ELEMENTS--GENERAL INFORMATION
fixed length control field 211023s2020 bg |||| |||| 000 1 ben d
020 ## - INTERNATIONAL STANDARD BOOK NUMBER
International Standard Book Number 9789893319691
035 ## - SYSTEM CONTROL NUMBER
system control number (BD-JhCC)12321
040 ## - CATALOGING SOURCE
Original cataloging agency BD-JhCC
Modifying agency BD-JhCC
041 ## - LANGUAGE CODE
Language code of Book ben
082 ## - DEWEY DECIMAL CLASSIFICATION NUMBER
Classification number 808.831
Author mark and Year SHA 2020
100 ## - MAIN ENTRY--PERSONAL NAME
Personal name শারমিন, শাফিন
245 ## - TITLE STATEMENT
Title ওয়ার্ল্ড ফেমাস অ্যাডভেঞ্চার /
Statement of responsibility, etc শাফিন শারমিন
260 ## - PUBLICATION, DISTRIBUTION, ETC. (IMPRINT)
Place of publication, distribution, etc ঢাকা :
Name of publisher, distributor, etc দি ইউনিভার্সেল একাডেমি,
Date of publication, distribution, etc ২০২০।
300 ## - PHYSICAL DESCRIPTION
Pagination ৩১৬ পৃ. :
Dimensions ২০ সেমি.
650 ## - SUBJECT ADDED ENTRY--TOPICAL TERM
Topical term or geographic name as entry element Adventure Short stories
942 ## - ADDED ENTRY ELEMENTS (KOHA)
Source of classification or shelving scheme Dewey Decimal Classification
Koha item type Books
Koha issues (borrowed), all copies 2
Holdings
Source of classification or shelving scheme Damaged status Not for loan Home library Current library Shelving location Date of accession Cost, normal purchase price Total Checkouts Full call number Barcode Date last seen Date checked out Copy number Koha item type
Dewey Decimal Classification     JCC Rouf Library JCC Rouf Library General Stacks 04/03/2021 390.00 11 808.831 SHA 2020 16655 07/16/2025 07/14/2025 C-1 Books

JCC Library | Contacts | JCC Home

Last Update on 23 September 2017
Copyright @ 2017-2020 JCC Rouf Library
Rouf Library, Jhenidah Cadet College (JCC), Bangladesh